Lingüística Indoeuropea

Gespeichert in:
Bibliographische Detailangaben
1. Verfasser: Meringer, Rodolfo
Format: Buch
Sprache:Undetermined
Veröffentlicht: Madrid, España Victoriano Suárez 1923
Schlagworte:
Tags: Tag hinzufügen
Keine Tags, Fügen Sie den ersten Tag hinzu!

MARC

LEADER 00000nam a2200000Ia 4500
008 170316s9999 xx 000 0 und d
090 |a 410 M-16L 
100 |a Meringer, Rodolfo 
245 |a Lingüística Indoeuropea 
260 |a Madrid, España 
260 |b Victoriano Suárez 
260 |c 1923 
300 |a 320 páginas 
650 |a LINGÜÍSTICA 
999 |c 18592  |d 18592 
040 |a cru BVZT 
942 |c 15 D  |h 410 M-16L  |2 z